Los bravos
Պահպանված է:
| Հիմնական հեղինակ: | |
|---|---|
| Ձևաչափ: | Գիրք |
| Լեզու: | իսպաներեն |
| Հրապարակվել է: |
Barcelona
Destino
1973
|
| Հրատարակություն: | 4a. ed |
| Շարք: | Ancora y Delfín, 174
|
| Խորագրեր: | |
| Ցուցիչներ: |
Ավելացրեք ցուցիչ
Չկան պիտակներ, Եղեք առաջինը, ով նշում է այս գրառումը!
|
MARC
| LEADER | 00000nam a2200000 a 4500 | ||
|---|---|---|---|
| 001 | UCQ5660 | ||
| 003 | CL-VaPUC | ||
| 008 | 981002e19730000SP |||||||||||||||||spa|d | ||
| 082 | 0 | 4 | |a 863 |b FER |2 21 |
| 100 | 0 | |a Fernández Santos, Jesús |e author |9 376911 | |
| 245 | 1 | 4 | |a Los bravos |
| 250 | |a 4a. ed | ||
| 300 | |a 236 p | ||
| 942 | |c BK | ||
| 945 | |d 19981002 00:00:00 |a crobeson | ||
| 260 | |a Barcelona |b Destino |c 1973 | ||
| 650 | 0 | |a Novelas españolas |9 265052 | |
| 650 | 0 | |a Literatura española |9 306261 | |
| 583 | |a last modification |c 19981002 00:00:00 |k Rodrigo Vera | ||
| 490 | 0 | |a Ancora y Delfín, 174 | |
| 999 | |c 275865 |d 275863 | ||
| 952 | |0 0 |1 0 |4 0 |6 863_000000000000000_FER_1973 |7 0 |8 A |9 312718 |a BIBEDU |b BIBEDU |d 2019-11-20 |i 1475673 |o 863 FER 1973 |p 1475673 |r 2019-11-20 |w 2019-11-20 |y BK |k LIT | ||
| 952 | |0 0 |1 0 |4 0 |6 863_000000000000000_FER_1973 |7 0 |8 A |9 312719 |a BIBEDU |b BIBEDU |d 2019-11-20 |i 1475681 |o 863 FER 1973 |p 1475681 |r 2019-11-20 |w 2019-11-20 |y BK |k LIT | ||